| 000 | 00545nam a22001937a 4500 | ||
|---|---|---|---|
| 003 | KOHA_MİRAKIL | ||
| 005 | 20251116130048.0 | ||
| 008 | 251116b tu ||||| |||| 00| 0 tur d | ||
| 020 | _a9786258431667 | ||
| 040 |
_aTR-AnABB _btur _cTR-AnABB |
||
| 041 | _atur | ||
| 082 |
_a956.1015 _bINA 2023 |
||
| 100 | 1 | _aİnalcık, Halil, | |
| 245 | 1 | 0 |
_aKısa Osmanlı tarihi / _cHalil İnalcık |
| 260 |
_aİstanbul : _bKronik Kitap, _c2023 |
||
| 300 |
_a255 sayfa ; _c20 cm |
||
| 650 | 0 | 0 | _aTarih, Osmanlı İmparatorluğu |
| 942 |
_2ddc _cBK |
||
| 999 |
_c9415 _d9415 |
||
| 900 | _bGizem YORULMAZ | ||